|
|
|
|
| LEADER |
00000nam0a2200000 4500 |
| 001 |
280785 |
| 005 |
20231101235335.0 |
| 035 |
|
|
|a (RuTPU)RU\TPU\book\304345
|
| 090 |
|
|
|a 280785
|
| 100 |
|
|
|a 20150114d1931 k y0rusy50 ca
|
| 101 |
0 |
|
|a rus
|
| 102 |
|
|
|a RU
|
| 105 |
|
|
|a a z 000zy
|
| 200 |
1 |
|
|a Пособие к исследованию коллекторных машин
|f Д. А. Завалишин
|g Ленинградский электромеханический институт (ЛЭМИ)
|
| 210 |
|
|
|a Ленинград
|c Изд-во ЛЭТИ
|d 1931
|
| 215 |
|
|
|a 352 с.
|c ил.
|
| 606 |
1 |
|
|a Электрические машины, коллекторные
|2 stltpush
|3 (RuTPU)RU\TPU\subj\27176
|9 50971
|
| 610 |
1 |
|
|a исследование
|
| 610 |
1 |
|
|a двигатели
|
| 610 |
1 |
|
|a индукционные машины
|
| 610 |
1 |
|
|a включение
|
| 610 |
1 |
|
|a коллекторные машины
|
| 610 |
1 |
|
|a регулирование
|
| 610 |
1 |
|
|a компенсаторы
|
| 675 |
|
|
|a 621.313.316
|v 4
|
| 700 |
|
1 |
|a Завалишин
|b Д. А.
|
| 712 |
0 |
2 |
|a Ленинградский электромеханический институт (ЛЭМИ)
|c (1930-1934)
|2 stltpush
|3 (RuTPU)RU\TPU\col\18671
|
| 801 |
|
1 |
|a RU
|b 63413507
|c 20150114
|
| 801 |
|
2 |
|a RU
|b 63413507
|c 20170428
|g RCR
|
| 942 |
|
|
|c BK
|